000 01032nac a22002897a 4500
001 BR7302307
003 BR-BrBNA
005 20240105113504.0
008 230509b bl.|||m| |||| 00| 0 por d
040 _aBR-BrBNA
_bpor
_cBiblioteca Nacional de Agricultura
072 _aH10
090 _a0430 BR7302307
100 1 _aCastro, R. da S.
110 1 _aInstituto de Pesquisas e Experimentacao Agropecuarias do Nordeste, Recife, PE (Brasil)
245 1 _aCiclo biologico e etologia da broca do algodoeiro moco - Eutinobothrus Brasiliensis (Hambl. 1937)Coata Lima 1938 - na Regiao do Serido [Brasil]
260 3 _aRecife, PE (Brasil):
_c1963.
300 _a43 p.
490 _aBoletim Tecnico - Instituto de Pesquisas e Experimentacao Agropecuarias do Nordeste (Brazil)
_vno. 20
_x
500 _a16 ref.; Summaries (En, Pt)
650 _aALGODAO MOCO
650 _aBROCA
650 _aBIOLOGIA
650 _aECOLOGIA
650 _aETIOLOGIA
909 _a202312
_bLúcia Elande
_c55
_dLúcia Elande
942 _2AGRIS
_n0
_cMS
999 _c264014
_d264014